NBA best 2k rating for every team 2024-2025 - Statistics

General Stats
  • This quiz has been taken 643 times
    303 since last reset
  • The average score is 27 of 30
Answer Stats
Team Best Player % Correct
Warriors Steph Curry
100%
Kings Domantas Sabonis
97%
Lakers Luka Doncic
96%
Knicks Jalen Brunson
95%
Celtics Jayson Tatum
95%
76ers Joel Embiid
95%
Clippers Kawhi Leonard
95%
Suns Kevin Durant
95%
Cavaliers Donovan Mitchell
94%
Bucks Giannis Antetokounmpo
94%
Pacers Tyrese Haliburton
94%
Timberwolves Anthony Edwards
93%
Hornets LaMelo Ball
93%
Nuggets Nikola Jokic
93%
Thunder Shai Gilgeous-Alexander
93%
Hawks Trae Young
93%
Grizzlies Ja Morant
92%
Magic Paolo Banchero
92%
Pistons Cade Cunningham
91%
Raptors Scottie Barnes
91%
Pelicans Zion Williamson
91%
Mavericks Anthony Davis
90%
Spurs Victor Wembanyama
90%
Rockets Alperen Sengun
88%
Heat Tyler Herro
88%
Jazz Lauri Markkanen
87%
Wizards Jordan Poole
83%
Nets Cameron Thomas
81%
Bulls Nikola Vucevic
78%
Trail-Blazers Deandre Ayton
64%
No matching quizzes found
Score Distribution
Percent of People with Each Score
Percentile by Number Answered
Your Score History
You have not taken this quiz since the last reset